Pentateuco: el libro del Exodo. Comentario crítico y teológico

Saved in:
Bibliografiske detaljer
Hovedforfatter: Childs, Brevard S (Author)
Format: Bog
Sprog:spansk
Udgivet: Pamplona Verbo Divino 2003
Udgivelse:1a. ed
Fag:
Tags: Tilføj Tag
Ingen Tags, Vær først til at tagge denne postø!

MARC

LEADER 00000cam a2200000 a 4500
001 UCD9365
003 CL-VaPUC
008 170616e20030000sp |||||||||||||||||spa|d
020 |a 8481693995 
082 0 4 |a 222.12  |b CHI  |2 21 
100 0 |a Childs, Brevard S  |e author  |9 593062 
245 1 0 |a Pentateuco: el libro del Exodo. Comentario crítico y teológico 
250 |a 1a. ed 
300 |a 626 p 
942 |c BK 
945 |d 20170616 21:05:00  |a dcastane 
260 |a Pamplona  |b Verbo Divino  |c 2003 
650 0 |a Biblia  |9 257603 
650 0 |a Antiguo testamento   |9 313678 
650 7 |a EXODO  |2 CL-VaPUC  |9 320762 
650 0 |a Exégesis   |9 365279 
583 |a last modification  |c 20170616 21:05:00  |k Rodrigo Vera 
999 |c 368575  |d 368573 
952 |0 0  |1 0  |3 erd  |4 0  |6 222_120000000000000_CHI_2003  |7 0  |8 A  |9 483933  |a BIBTEO  |b BIBTEO  |i 5399165  |o 222.12 CHI 2003  |p 5399165  |r 2025-01-17  |w 2019-11-24  |y BK  |z Catalogado en:20170616  |k ICR